|
|
|
|
| LEADER |
00000nab a2200000 a 4500 |
| 001 |
vtls000686340 |
| 003 |
SK-MaSNL |
| 005 |
20260304015615.0 |
| 008 |
180206c1999 xo 0 slo |
| 015 |
|
|
|a SNBRB1999/03-06705
|
| 035 |
|
|
|a CLN000038507
|
| 040 |
|
|
|a SNKBUCL
|b slo
|c SNKBUCL
|e AACR2
|
| 041 |
0 |
|
|a slo
|
| 044 |
|
|
|a xo
|c SK
|
| 080 |
|
|
|a 328.1(437.6)
|2 UDC-MRF-SK2
|
| 245 |
0 |
0 |
|a Návrh rozpočtu je cestou nikam
|b rokovanie parlamentu prerušil radikálny nesúhlas opozície
|
| 610 |
1 |
7 |
|a Slovensko.
|b Národná rada
|2 snkbucl
|9 165573
|
| 655 |
|
7 |
|a články z novín a časopisov
|2 snkbucl
|9 267496
|
| 773 |
0 |
|
|t Slovenská republika
|g Roč. 7, č. 69 (24.3.1999), s. 1-2
|
| 850 |
|
|
|a Slovenská národná knižnica v Martine
|
| 852 |
|
|
|a SNK
|b KIS3GCP
|
| 958 |
|
|
|a RBX
|
| 999 |
|
|
|c 2592608
|d 2594538
|